A potential to the facilitation of the protected area community in the chi aok village rumny commune rovieng district preah vihear province, សក្ដានុពលភាពនៃការសំរបសំរួលរៀបចំសហគមន៍តំបន់ការពារធម្មជាតិនៅភូមិជីឱក ឃុំ រម្មណី ស្រុករវៀង ខេត្តព្រះវិហារ (Record no. 4434)
[ view plain ]
| 000 -LEADER | |
|---|---|
| fixed length control field | 00810nam a22001577a 4500 |
| 003 - CONTROL NUMBER IDENTIFIER | |
| control field | OSt |
| 005 - DATE AND TIME OF LATEST TRANSACTION | |
| control field | 20151212141739.0 |
| 008 - FIXED-LENGTH DATA ELEMENTS--GENERAL INFORMATION | |
| fixed length control field | 151212b xxu||||| |||| 00| 0 eng d |
| 040 ## - CATALOGING SOURCE | |
| Transcribing agency | RUA |
| 082 ## - DEWEY DECIMAL CLASSIFICATION NUMBER | |
| Classification number | ATM.s EK 2004 B212 Or.1 |
| 100 ## - MAIN ENTRY--PERSONAL NAME | |
| 9 (RLIN) | 4759 |
| Personal name | EK, SEREYSOPHEAP. |
| 245 ## - TITLE STATEMENT | |
| Title | A potential to the facilitation of the protected area community in the chi aok village rumny commune rovieng district preah vihear province, សក្ដានុពលភាពនៃការសំរបសំរួលរៀបចំសហគមន៍តំបន់ការពារធម្មជាតិនៅភូមិជីឱក ឃុំ រម្មណី ស្រុករវៀង ខេត្តព្រះវិហារ |
| 260 ## - PUBLICATION, DISTRIBUTION, ETC. (IMPRINT) | |
| Place of publication, distribution, etc. | Phnom Penh |
| Name of publisher, distributor, etc. | RUA |
| Date of publication, distribution, etc. | 2004 |
| 300 ## - PHYSICAL DESCRIPTION | |
| Extent | ix; 41p. |
| Other physical details | ill. |
| Dimensions | 29cm. |
| 942 ## - ADDED ENTRY ELEMENTS (KOHA) | |
| Source of classification or shelving scheme | |
| Koha item type | ATM.s |
| Price effective from | Date last seen | Permanent Location | Not for loan | Date acquired | Source of classification or shelving scheme | Koha item type | Lost status | Withdrawn status | Date last checked out | Total Checkouts | Shelving location | Damaged status | Barcode | Current Location | Full call number |
|---|---|---|---|---|---|---|---|---|---|---|---|---|---|---|---|
| 2015-12-12 | 2015-12-12 | Library Block B | 2015-12-12 | ATM.s | B212 | RUA033386 | Library Block B | ATM.s EK 2004 B212 Or.1 | |||||||
| 2015-12-12 | 2015-12-12 | Library Block B | 2015-12-12 | ATM.s | B212 | RUA033882 | Library Block B | ATM.s EK 2004 B212 Or.2 | |||||||
| 2015-12-12 | 2015-12-12 | Library Block B | 2015-12-12 | ATM.s | B212 | RUA034210 | Library Block B | ATM.s EK 2004 B212 Or.3 | |||||||
| 2015-12-12 | 2015-12-12 | Library Block B | 2015-12-12 | ATM.s | B212 | RUA038261 | Library Block B | ATM.s EK 2004 B212 Or.4 | |||||||
| 2015-12-12 | 2015-12-12 | Library Block B | 2015-12-12 | ATM.s | B212 | RUA038547 | Library Block B | ATM.s EK 2004 B212 Or.5 | |||||||
| 2015-12-12 | 2015-12-12 | Library Block B | 2015-12-12 | ATM.s | B212 | RUA039200 | Library Block B | ATM.s EK 2004 B212 Or.6 | |||||||
| 2015-12-12 | 2015-12-12 | Library Block B | 2015-12-12 | ATM.s | B212 | RUA037845 | Library Block B | ATM.s EK 2004 B212 Or.7 | |||||||
| 2015-12-12 | 2015-12-12 | Library Block B | 2015-12-12 | ATM.s | B212 | RUA038429 | Library Block B | ATM.s EK 2004 B212 Or.8 | |||||||
| 2015-12-12 | 2022-08-23 | Library Block B | 2015-12-12 | ATM.s | 2022-08-17 | 1 | B212 | RUA034058 | Library Block B | ATM.s EK 2004 B212 Or.9 | |||||
| 2016-05-25 | 2016-05-25 | Library Block B | 2016-05-25 | ATM.s | RUA057713 | Library Block B | ATM.s EK 2004 B212 Or.10 |